[Event "BAN-chT2"]
[Site "Dhaka"]
[Date "2017.10.22"]
[Round "1.2"]
[White "Javed, Al Azad"]
[Black "Rasel, Sheikh"]
[Result "1-0"]
[WhiteElo "1760"]
[BlackElo "1825"]
[PlyCount "117"]
[EventDate "2017.10.22"]
[EventType "team-swiss"]
[EventRounds "7"]
[EventCountry "BAN"]
[SourceTitle "CBM 181 Extra"]
[Source "ChessBase"]
[SourceDate "2017.12.12"]
[SourceVersion "1"]
[SourceVersionDate "2017.12.12"]
[SourceQuality "1"]
[WhiteTeam "Crescent Club"]
[BlackTeam "Chess Q"]
[WhiteTeamCountry "BAN"]
[BlackTeamCountry "BAN"]

1. e4 c5 2. Nf3 g6 3. c3 d5 4. exd5 Qxd5 5. d4 cxd4 6. cxd4 Bg4 7. Be2 Nf6 8. Nc3 Qa5 9. 0-0 Bg7 10. h3 Bf5 11. Qb3 Qb6 12. Na4 Qxb3 13. axb3 0-0 14. Nb6 Nc6 15. Nxa8 Rxa8 16. Be3 Nd5 17. Bc4 Ncb4 18. Bd2 e6 19. Bc3 Nc2 20. Rac1 Bh6 21. g4 Be4 22. g5 Bg7 23. Ne5 Nf4 24. Kh2 Bf8 25. Nd7 Bf5 26. Nxf8 Kxf8 27. Rfd1 a5 28. Rd2 Nb4 29. Bxb4+ axb4 30. Bf1 Be4 31. f3 Bd5 32. Bc4 Ke7 33. Kg3 Nh5+ 34. Kf2 Rc8 35. Rdc2 Bc6 36. Bb5 Kd6 37. Bxc6 Rxc6 38. Rxc6+ bxc6 39. Rc4 Nf4 40. Kg3 Nd5 41. f4 Kd7 42. Kf3 Kc7 43. Rc1 Nb6 44. Ke4 Nd5 45. Ke5 Kb6 46. h4 Kc7 47. h5 Kb6 48. hxg6 hxg6 49. Kd6 Nxf4 50. Rxc6+ Kb5 51. Rc7 Nh3 52. Rc5+ Kb6 53. Ke7 Nf4 54. Kxf7 Nd3 55. Re5 Nf4 56. Rxe6+ Nxe6 57. Kxe6 Kc6 58. d5+ Kc7 59. Ke7 1-0